000 00723nam a2200289Ia 4500
005 20260324114714.0
008 008 260324s9999 xx 000 0 eng d
020 _a9781003094234
037 _aEBOOK
040 _aCRL
040 _beng
040 _cCRL
041 _2eng
041 _aeng
084 _qCRL
100 _aPaul Cerrato; John Halamka
_91151836
245 4 _aThe Digital Reconstruction of Healthcare
245 0 _bTransitioning from Brick and Mortar to Virtual Care
260 _bTaylor and Francis
260 _c2021
365 _a
365 _b170
856 _uhttp://www.taylorfrancis.com/books/9781003094234
942 _cEBOOK
999 _c1742171
_d1742171